|
|
|
|
| LEADER |
01928nam a2200445 i 4500 |
| 001 |
EBC4517907 |
| 003 |
MiAaPQ |
| 005 |
20200520144314.0 |
| 006 |
m o d | |
| 007 |
cr cnu|||||||| |
| 008 |
160904t20162016nyuadb o 001 0 eng d |
| 020 |
|
|
|z 9780801454493
|
| 020 |
|
|
|a 9781501704031
|q (electronic bk.)
|
| 035 |
|
|
|a (MiAaPQ)EBC4517907
|
| 035 |
|
|
|a (Au-PeEL)EBL4517907
|
| 035 |
|
|
|a (CaPaEBR)ebr11248564
|
| 035 |
|
|
|a (CaONFJC)MIL951833
|
| 035 |
|
|
|a (OCoLC)945976881
|
| 040 |
|
|
|a MiAaPQ
|b eng
|e rda
|e pn
|c MiAaPQ
|d MiAaPQ
|
| 043 |
|
|
|a a-cc---
|a a-ch---
|
| 050 |
|
4 |
|a HC427.95
|b .N677 2016
|
| 082 |
0 |
|
|a 330.951
|2 23
|
| 100 |
1 |
|
|a Norris, William J.
|c (Economist),
|e author.
|
| 245 |
1 |
0 |
|a Chinese economic statecraft :
|b commercial actors, grand strategy, and state control /
|c William J. Norris.
|
| 264 |
|
1 |
|a Ithaca, New York ;
|a London, [England] :
|b Cornell University Press,
|c 2016.
|
| 264 |
|
4 |
|c 2016
|
| 300 |
|
|
|a 1 online resource (316 pages) :
|b illustrations, charts, maps
|
| 336 |
|
|
|a text
|2 rdacontent
|
| 337 |
|
|
|a computer
|2 rdamedia
|
| 338 |
|
|
|a online resource
|2 rdacarrier
|
| 500 |
|
|
|a Includes index.
|
| 588 |
|
|
|a Description based on print version record.
|
| 590 |
|
|
|a Electronic reproduction. Ann Arbor, MI : ProQuest, 2016. Available via World Wide Web. Access may be limited to ProQuest affiliated libraries.
|
| 651 |
|
0 |
|a China
|x Economic policy
|y 2000-
|
| 651 |
|
0 |
|a China
|x Economic conditions
|y 2000-
|
| 651 |
|
0 |
|a China
|x Economic relations
|z Taiwan.
|
| 655 |
|
4 |
|a Electronic books.
|
| 776 |
0 |
8 |
|i Print version:
|a Norris, William J. (Economist).
|t Chinese economic statecraft : commercial actors, grand strategy, and state control.
|d Ithaca, New York ; London, [England] : Cornell University Press, c2016
|h x, 303 pages
|z 9780801454493
|w 2015037800
|
| 797 |
2 |
|
|a ProQuest (Firm)
|
| 856 |
4 |
0 |
|u https://ebookcentral.proquest.com/lib/matrademy/detail.action?docID=4517907
|z Click to View
|